Bercerita kisah nabi & rasul (Record no. 83789)

MARC details
000 -LEADER
fixed length control field 00717nam a2200265 i 4500
001 - CONTROL NUMBER
control field C2-0276319
003 - CONTROL NUMBER IDENTIFIER
control field PPAK
005 - DATE AND TIME OF LATEST TRANSACTION
control field 20180728004758.0
008 - FIXED-LENGTH DATA ELEMENTS--GENERAL INFORMATION
fixed length control field 061123s2004 my a|||| ||||| | may d
020 ## - INTERNATIONAL STANDARD BOOK NUMBER
International Standard Book Number 9789839422597
040 ## - CATALOGING SOURCE
Original cataloging agency PPAK
Language of cataloging eng
Transcribing agency PPAK
Description conventions rda
082 04 - DEWEY DECIMAL CLASSIFICATION NUMBER
Classification number 297.18
Edition number 23
090 00 - LOCALLY ASSIGNED LC-TYPE CALL NUMBER (OCLC); LOCAL CALL NUMBER (RLIN)
Classification number (OCLC) (R) ; Classification number, CALL (RLIN) (NR) 297.18
Feature heading HAM
Feature heading BC
Classification number (OCLC) (R) ; Classification number, CALL (RLIN) (NR) 297.18
Feature heading HAM
Feature heading K
100 0# - MAIN ENTRY--PERSONAL NAME
Personal name Hamka,
Relator term author
245 10 - TITLE STATEMENT
Title Bercerita kisah nabi & rasul
264 #1 - PRODUCTION, PUBLICATION, DISTRIBUTION, MANUFACTURE, AND COPYRIGHT NOTICE
Place of production, publication, distribution, manufacture Shah Alam, Selangor :
Name of producer, publisher, distributor, manufacturer Pustaka Dini ,
Date of production, publication, distribution, manufacture, or copyright notice 2004
300 ## - PHYSICAL DESCRIPTION
Extent 68 pages :
Other physical details illustrations ;
Dimensions 21 cm
336 ## - CONTENT TYPE
Source rdacontent
Content type term text
337 ## - MEDIA TYPE
Source rdamedia
Media type term unmediated
338 ## - CARRIER TYPE
Source rdacarrier
Carrier type term volume
500 ## - GENERAL NOTE
General note Jilid 4
650 10 - SUBJECT ADDED ENTRY--TOPICAL TERM
Topical term or geographic name entry element Islamic stories, Malay.
942 ## - ADDED ENTRY ELEMENTS (KOHA)
-- dc
Koha item type Book
Holdings
Withdrawn Not for loan Current library Shelving location Date acquired Total Checkouts Full call number Barcode Date last seen Koha item type
  Not For Loan Perpustakaan Alor Setar Koleksi Akses Terhad 06/02/2008   BC 297.18 HAM A01223531 09/05/2018 Book
  Not For Loan Perpustakaan Alor Setar Koleksi Akses Terhad 06/02/2008   BC 297.18 HAM A01223530 09/05/2018 Book
  Not For Loan Perpustakaan Alor Setar Koleksi Akses Terhad 10/12/2007   BC 297.18 HAM A01212153 09/05/2018 Book
    PD18, Kg. Wang Tepus, Jitra Pinjaman Kanak-kanak 23/11/2006   K 297.18 HAM A01132151 09/05/2018 Book